000
00264nam a22001097a 4500
008
180807b xxu||||| |||| 00| 0 eng d
082
_a
813.52
245
_a
Four million helped in just two years
_c
PPA
300
_a
1
_f
CD
440
_x
18884PPANOW
942
_2
ddc
_c
MX
999
_c
46895
_d
46895